000 00572nam a22002417a 4500
003 UA-OsUOA
001 20230
007 ta
008 20030520b un ||||| |||| 00| 0 ukr d
100 _aШморгун Є .
090 _bШ-749
942 _cBK
040 _aUA-OsUOA
_bukr
_cUA-OsUOA
_dUA-OsUOA
245 _aТиха радість
300 _a120 с.
955 _a0
041 _aukr
020 _a966-7358-36-4
591 _a84(4Укр)6
260 _aРівне
_bАзалія
_c2003
044 _aUA
650 7 _aКраєзнавча робота
_2UDC
999 _c306403
_d306403